| 000 | 00562nam a2200205Ia 4500 | ||
|---|---|---|---|
| 005 | 20250425161338.0 | ||
| 008 | 250425s9999 xx 000 0 und d | ||
| 041 | _aspa | ||
| 082 | _a639.543 | ||
| 100 | _aBUILES JIMENEZ, JORGE | ||
| 245 | 0 | _aMANUAL PARA EL MANEJO Y ENGORDE DE CAMARONES DEL GÉNERO PENAEUS EN ESTANQUE | |
| 250 | _aS.E. | ||
| 260 |
_aColombia _bSECRETARIA DE AGRICULTURA DE ANTIOQUIA _c1991 |
||
| 260 | _aMEDELLÍN | ||
| 300 | _a43 | ||
| 650 | _aCAMARONES | ||
| 650 | _aCAMARONES-CRIA Y DESARROLLO | ||
| 942 | _c01 | ||
| 010 | _a18217 | ||
| 999 |
_c207366 _d207366 |
||